00253nam a22001097a 4500008004100000020001800041041000800059080001500067100000600082101000800088245004700096170407b xxu||||| |||| 00| 0 eng d a9780721602653 aeng 27 EDa616 a9 aSHM aPATHOLOGIC BASIS OF DISEASEcMITCHEL.R.N